000 00621nam a2200205 i 4500
001 101330
003 ES-MaACL
005 20250829062545.0
007 t|
008 051017s1959 sp ||||1| spa d
100 1 _aMaurois, André,
_d1885-1967
_979267
245 1 0 _aPara piano solo /
_cpor André Maurois, [seud.] de Emile Herzog; [versión castellana de Leonor Muñoz].
260 _aBarcelona :
_bG.P.,
_c1959.
300 _a140 p. ;
_c18 cm.
490 1 _aLibros Plaza
700 1 _aMuñoz, Leonor.
_984324
830 0 _aLibros Plaza
_9181449
852 _aES-MaACL
_jC-17517
_bR.44819
999 _c101330
_d101330